[Event "SVK-chT3A2 2223"]
[Site "Slovakia"]
[Date "2023.03.19"]
[Round "9.8"]
[White "Matula, Tomas"]
[Black "Oslej, Marek"]
[Result "0-1"]
[WhiteElo "1195"]
[BlackElo "1334"]
[PlyCount "100"]
[EventDate "2022.10.16"]
[EventType "team-tourn"]
[EventRounds "9"]
[EventCountry "SVK"]
[SourceTitle "EXT 2024"]
[Source "ChessBase"]
[SourceDate "2023.10.10"]
[SourceVersion "1"]
[SourceVersionDate "2023.10.10"]
[SourceQuality "1"]
[WhiteTeam "Holic"]
[BlackTeam "Senica CVC"]
[WhiteTeamCountry "SVK"]
[BlackTeamCountry "SVK"]

1. d4 Nf6 2. Bf4 c6 3. c3 Qb6 4. Qb3 d6 5. e3 Nh5 6. Bg3 Nxg3 7. hxg3 g6 8. f4 Bf5 9. Nf3 Bg7 10. Nbd2 d5 11. Ne5 f6 12. Nef3 Nd7 13. c4 Qxb3 14. axb3 e5 15. cxd5 cxd5 16. Ra5 Be6 17. e4 b6 18. Ra4 dxe4 19. Nxe4 Bxb3 20. Rb4 Bd5 21. Nc3 Bxf3 22. gxf3 exd4 23. Rxd4 f5 24. Rd5 Bxc3+ 25. bxc3 a6 26. g4 fxg4 27. fxg4 b5 28. Bd3 Ke7 29. f5 Nf6 30. Rd4 g5 31. Rh6 Rhd8 32. Kd2 Rxd4 33. cxd4 Rd8 34. Kc3 Rd6 35. Be2 Nd5+ 36. Kd3 Rxh6 37. Ke4 Nc3+ 38. Kd3 Nxe2 39. Kxe2 b4 40. Kd3 Rc6 41. d5 Rb6 42. d6+ Rxd6+ 43. Kc4 Rb6 44. Kc5 Rb5+ 45. Kc6 b3 46. Kc7 b2 47. f6+ Kxf6 48. Kd8 b1Q 49. Ke8 Rd5 50. Kf8 Rd8# 0-1

[Event "SVK-chT3A2 2223"]
[Site "Slovakia"]
[Date "2023.03.05"]
[Round "8.8"]
[White "Vlkovic, Pavol"]
[Black "Matula, Tomas"]
[Result "1-0"]
[WhiteElo "1763"]
[BlackElo "1195"]
[PlyCount "120"]
[EventDate "2022.10.16"]
[EventType "team-tourn"]
[EventRounds "9"]
[EventCountry "SVK"]
[SourceTitle "EXT 2024"]
[Source "ChessBase"]
[SourceDate "2023.10.10"]
[SourceVersion "1"]
[SourceVersionDate "2023.10.10"]
[SourceQuality "1"]
[WhiteTeam "Cifer II"]
[BlackTeam "Holic"]
[WhiteTeamCountry "SVK"]
[BlackTeamCountry "SVK"]

1. e4 d6 2. d4 c6 3. Nc3 Nf6 4. f3 Qa5 5. a3 e5 6. b4 Qc7 7. dxe5 dxe5 8. Bd3 Be6 9. Nge2 g6 10. Be3 Bg7 11. Qd2 b5 12. 0-0 0-0 13. Ng3 a5 14. Kh1 Nbd7 15. Nce2 a4 16. Rac1 Rab8 17. c4 bxc4 18. Bxc4 Bxc4 19. Rxc4 Rb5 20. Rfc1 Nb8 21. Qc2 Rd8 22. Nc3 Rb7 23. Qxa4 Rd3 24. Bg1 Bh6 25. Qc2 Bxc1 26. Qxd3 Bxa3 27. Nd5 Nxd5 28. Qxa3 Nf4 29. Rc2 Qd6 30. Qc1 Qxb4 31. Bc5 Qb1 32. h3 Qxc1+ 33. Rxc1 Nd3 34. Rc3 Nxc5 35. Rxc5 Rb5 36. Rc1 c5 37. Ne2 Na6 38. Nc3 Rb3 39. Na4 Rb5 40. Nc3 Rb4 41. Nd5 Rd4 42. g4 g5 43. Ne7+ Kf8 44. Nc6 Ra4 45. Nxe5 Ke8 46. Kg2 f6 47. Nc4 Rb4 48. Ne3 Rb3 49. Nd5 Kd7 50. Nxf6+ Kc6 51. Nxh7 Kb5 52. Nxg5 Kb4 53. e5 Re3 54. Ne4 c4 55. Kf2 Rd3 56. h4 Nc5 57. Nxc5 Kxc5 58. Rc2 Kd4 59. f4 Rb3 60. e6 Rb8 1-0

[Event "SVK-chT3A2 2223"]
[Site "Slovakia"]
[Date "2022.11.06"]
[Round "2.8"]
[White "Matula, Tomas"]
[Black "Motyckova, Monika"]
[Result "1-0"]
[WhiteElo "1163"]
[BlackElo "1217"]
[PlyCount "67"]
[EventDate "2022.10.16"]
[EventType "team-tourn"]
[EventRounds "9"]
[EventCountry "SVK"]
[SourceTitle "EXT 2024"]
[Source "ChessBase"]
[SourceDate "2023.10.10"]
[SourceVersion "1"]
[SourceVersionDate "2023.10.10"]
[SourceQuality "1"]
[WhiteTeam "Holic"]
[BlackTeam "Hlohovec"]
[WhiteTeamCountry "SVK"]
[BlackTeamCountry "SVK"]

1. d4 d5 2. Bf4 Nf6 3. e3 Nc6 4. c4 dxc4 5. Bxc4 e6 6. Nf3 Be7 7. Ne5 Nxe5 8. dxe5 Qxd1+ 9. Kxd1 Ne4 10. Ke2 0-0 11. Rc1 Rd8 12. f3 Nc5 13. Nc3 c6 14. Rd1 b5 15. Bb3 Nxb3 16. axb3 a6 17. Ne4 Ra7 18. Rxd8+ Bxd8 19. Nc5 Be7 20. Nd3 Rd7 21. e4 Kf8 22. Be3 Ke8 23. Nc5 Bxc5 24. Bxc5 Bb7 25. g4 h6 26. h4 g6 27. b4 Kd8 28. h5 Ke8 29. Be3 g5 30. f4 Rc7 31. fxg5 hxg5 32. h6 Kf8 33. Rh1 Kg8 34. h7+ 1-0

[Event "SVK-chT3A2 2223"]
[Site "Slovakia"]
[Date "2022.10.16"]
[Round "1.8"]
[White "Harastova, Viera"]
[Black "Matula, Tomas"]
[Result "1-0"]
[WhiteElo "1780"]
[BlackElo "1163"]
[PlyCount "87"]
[EventDate "2022.10.16"]
[EventType "team-tourn"]
[EventRounds "9"]
[EventCountry "SVK"]
[SourceTitle "EXT 2024"]
[Source "ChessBase"]
[SourceDate "2023.10.10"]
[SourceVersion "1"]
[SourceVersionDate "2023.10.10"]
[SourceQuality "1"]
[WhiteTeam "Skalica"]
[BlackTeam "Holic"]
[WhiteTeamCountry "SVK"]
[BlackTeamCountry "SVK"]

1. d4 d6 2. c4 c6 3. Nc3 Qa5 4. Nf3 e5 5. e4 Nf6 6. Bd2 Bg4 7. d5 Nbd7 8. a3 c5 9. h3 Bxf3 10. Qxf3 a6 11. Bd3 g6 12. 0-0 Bg7 13. Qe2 0-0 14. b4 cxb4 15. axb4 Qc7 16. Rfc1 a5 17. Nb5 Qd8 18. Nxd6 Qc7 19. Nb5 Qb8 20. Rxa5 Rxa5 21. bxa5 Nc5 22. Bb4 Bh6 23. Rc2 Nfd7 24. Bd2 Bg7 25. Ra2 Qa8 26. Be3 Qb8 27. Bxc5 Nxc5 28. Qe3 Rc8 29. Be2 Bf8 30. Bg4 Rd8 31. Nc3 Rd6 32. Qxc5 Rf6 33. Qe3 Bb4 34. c5 Qc7 35. d6 Qxc5 36. Qxc5 Bxc5 37. Nb5 Kf8 38. Bc8 Ke8 39. Bxb7 Kd7 40. a6 Bxd6 41. a7 Bc5 42. a8Q Rb6 43. Qc8+ Ke7 44. Qxc5+ 1-0

[Event "SVK-chT4 A21 2122"]
[Site "Slovakia"]
[Date "2022.03.13"]
[Round "10.4"]
[White "Matula, Tomas"]
[Black "Pripko, Bystrik"]
[Result "0-1"]
[WhiteElo "1112"]
[BlackElo "1556"]
[PlyCount "74"]
[EventDate "2021.10.17"]
[EventType "team-tourn"]
[EventRounds "11"]
[EventCountry "SVK"]
[SourceTitle "EXT 2024"]
[Source "ChessBase"]
[SourceDate "2023.10.10"]
[SourceVersion "1"]
[SourceVersionDate "2023.10.10"]
[SourceQuality "1"]
[WhiteTeam "Holic II"]
[BlackTeam "Chtelnica Kamenar"]
[WhiteTeamCountry "SVK"]
[BlackTeamCountry "SVK"]

1. d4 d5 2. Bf4 e6 3. e3 Nf6 4. Bd3 c5 5. c4 Qa5+ 6. Nc3 dxc4 7. Bxc4 cxd4 8. Qxd4 Nc6 9. Qd2 Be7 10. Nf3 0-0 11. 0-0 Nh5 12. e4 Nxf4 13. Qxf4 Bf6 14. e5 Nxe5 15. Nxe5 Bxe5 16. Qf3 Qc7 17. Qh5 Bxc3 18. Bd3 g6 19. Qf3 Bxb2 20. Rad1 Bd7 21. Be4 Bc6 22. Rd2 Bxe4 23. Qxe4 Bf6 24. Rb1 b6 25. Rc2 Qe5 26. Qf3 Rac8 27. Re2 Qf5 28. Qb3 Rc3 29. Qb4 Rfc8 30. g3 Rc1+ 31. Rxc1 Rxc1+ 32. Kg2 Qd5+ 33. Kh3 Qh5+ 34. Kg2 Qxe2 35. Qf4 Qf1+ 36. Kf3 Rc3+ 37. Kg4 h5# 0-1

[Event "SVK-chT3A2 2122"]
[Site "Slovakia"]
[Date "2022.02.27"]
[Round "10.8"]
[White "Matula, Tomas"]
[Black "Simansky, Samuel"]
[Result "1-0"]
[WhiteElo "1093"]
[BlackElo "1000"]
[PlyCount "35"]
[EventDate "2021.10.10"]
[EventType "team-tourn"]
[EventRounds "11"]
[EventCountry "SVK"]
[SourceTitle "EXT 2023"]
[Source "ChessBase"]
[SourceDate "2022.10.05"]
[SourceVersion "1"]
[SourceVersionDate "2022.10.05"]
[SourceQuality "1"]
[WhiteTeam "Holic"]
[BlackTeam "Hlohovec"]
[WhiteTeamCountry "SVK"]
[BlackTeamCountry "SVK"]

1. d4 Nf6 2. Bf4 e6 3. e3 d5 4. c3 Bd6 5. Nf3 Bxf4 6. exf4 Bd7 7. Bd3 Nc6 8. Ne5 Ne7 9. Nd2 Ng6 10. g3 b6 11. h4 c5 12. h5 Nxe5 13. fxe5 Ng8 14. Qg4 g5 15. hxg6 f5 16. Qh5 Kf8 17. Qxh7 c4 18. Qf7# 1-0

[Event "SVK-chT3A2 2122"]
[Site "Slovakia"]
[Date "2021.11.21"]
[Round "4.7"]
[White "Skreko, Igor"]
[Black "Matula, Tomas"]
[Result "1-0"]
[WhiteElo "1443"]
[BlackElo "1093"]
[PlyCount "123"]
[EventDate "2021.10.10"]
[EventType "team-tourn"]
[EventRounds "11"]
[EventCountry "SVK"]
[SourceTitle "EXT 2023"]
[Source "ChessBase"]
[SourceDate "2022.10.05"]
[SourceVersion "1"]
[SourceVersionDate "2022.10.05"]
[SourceQuality "1"]
[WhiteTeam "Modranka Komplet"]
[BlackTeam "Holic"]
[WhiteTeamCountry "SVK"]
[BlackTeamCountry "SVK"]

1. d4 d5 2. c4 c6 3. e3 Bf5 4. Nc3 Nf6 5. Nf3 e6 6. cxd5 exd5 7. Be2 Bd6 8. h3 Ne4 9. Nxe4 dxe4 10. Nh2 Qc7 11. Nf1 Nd7 12. Bd2 c5 13. Rc1 Qb6 14. Bc3 cxd4 15. Bxd4 Qb4+ 16. Qd2 Qa4 17. a3 Be5 18. Rc4 Qb3 19. Rc3 Qe6 20. Ng3 Bxd4 21. Qxd4 0-0 22. Nxf5 Qxf5 23. Bg4 Qb5 24. Qxd7 Qxb2 25. Qc7 Qb1+ 26. Rc1 Qd3 27. Qc3 Rad8 28. Qxd3 exd3 29. Kd2 Rd6 30. Rc7 Rc6 31. Rxc6 bxc6 32. Rc1 g6 33. Rxc6 Rb8 34. Rc8+ Rxc8 35. Bxc8 Kg7 36. Kxd3 Kf6 37. f4 h5 38. h4 Kg7 39. Kd4 f6 40. e4 Kf7 41. Kd5 Ke7 42. a4 Kd8 43. Ke6 Kxc8 44. Kxf6 a5 45. e5 Kc7 46. Kf7 Kc6 47. e6 Kc5 48. e7 Kb4 49. e8Q g5 50. fxg5 Kc3 51. Qe4 Kd2 52. Qf3 Ke1 53. Ke6 Kd2 54. Ke5 Ke1 55. Ke4 Kd2 56. Qe3+ Kc2 57. Qd3+ Kb2 58. Kd4 Ka2 59. Qc3 Kb1 60. Qd2 Ka1 61. Kc3 Kb1 62. Qb2# 1-0

[Event "SVK-chT4 A21 2122"]
[Site "Slovakia"]
[Date "2021.10.31"]
[Round "2.4"]
[White "Matula, Tomas"]
[Black "Adamec, Jozef"]
[Result "1-0"]
[WhiteElo "1112"]
[BlackElo "1431"]
[PlyCount "127"]
[EventDate "2021.10.17"]
[EventType "team-tourn"]
[EventRounds "11"]
[EventCountry "SVK"]
[SourceTitle "EXT 2023"]
[Source "ChessBase"]
[SourceDate "2022.10.05"]
[SourceVersion "1"]
[SourceVersionDate "2022.10.05"]
[SourceQuality "1"]
[WhiteTeam "Holic II"]
[BlackTeam "Smolenice"]
[WhiteTeamCountry "SVK"]
[BlackTeamCountry "SVK"]

1. d4 d5 2. Bf4 Nf6 3. e3 Bf5 4. c4 e6 5. Nc3 Be7 6. Nf3 Ne4 7. Bd3 Nxc3 8. bxc3 0-0 9. cxd5 Bxd3 10. Qxd3 exd5 11. Rb1 b6 12. 0-0 Nd7 13. Qb5 Nf6 14. Ne5 Bd6 15. Nc6 Qd7 16. Bxd6 Qxd6 17. Ne5 Ne4 18. Rfc1 a6 19. Qc6 Rfd8 20. c4 f6 21. c5 bxc5 22. dxc5 Qxe5 23. Rb7 Rac8 24. Qxa6 Nc3 25. g3 Ne2+ 26. Qxe2 d4 27. Qc4+ Kh8 28. exd4 Rxd4 29. Qb5 Rd2 30. Rb8 Rdd8 31. Rxc8 Rxc8 32. Qa6 Rd8 33. Rb1 h5 34. c6 Qe4 35. Rc1 f5 36. Qc4 Qe7 37. Qb5 Qf6 38. a4 h4 39. Kg2 Qg5 40. Re1 g6 41. a5 Kh7 42. a6 Qg4 43. h3 Qg5 44. a7 Qd2 45. Re2 Qd4 46. Qb7 Kh6 47. a8Q Qd5+ 48. f3 hxg3 49. Qa1 Qd6 50. Qc1+ f4 51. Qbb2 Qf8 52. Re4 g5 53. Re6+ Kh5 54. Qf6 Qh8 55. Qxh8+ Rxh8 56. Qb2 Rd8 57. Re7 Rd6 58. Qh8+ Rh6 59. Qe8+ Kh4 60. Re6 Rh7 61. Qg6 Rh5 62. Re7 Rh8 63. Rh7+ Rxh7 64. Qxh7# 1-0

[Event "SVK-chT5 SE-SI 1920"]
[Site "Slovakia"]
[Date "2020.01.18"]
[Round "5.4"]
[White "Matula, Tomas"]
[Black "Galik, Marcel"]
[Result "0-1"]
[WhiteElo "1000"]
[BlackElo "1000"]
[PlyCount "78"]
[EventDate "2019.10.19"]
[EventType "team-tourn"]
[EventRounds "14"]
[EventCountry "SVK"]
[SourceTitle "CBM 194 Extra"]
[Source "ChessBase"]
[SourceDate "2020.03.31"]
[SourceVersion "1"]
[SourceVersionDate "2020.03.31"]
[SourceQuality "1"]
[WhiteTeam "Holic III"]
[BlackTeam "Myjava Spartak II"]
[WhiteTeamCountry "SVK"]
[BlackTeamCountry "SVK"]

1. d4 d5 2. c4 e6 3. Nc3 Bb4 4. Bd2 c5 5. a3 Bxc3 6. Bxc3 Nf6 7. Nf3 Ne4 8. e3 Nxc3 9. bxc3 b6 10. cxd5 exd5 11. c4 Nc6 12. cxd5 Qxd5 13. Qc2 Bf5 14. Bd3 Bxd3 15. Qxd3 0-0 16. 0-0 Rfe8 17. Rac1 Rad8 18. Rfd1 f6 19. Rd2 Ne5 20. Nxe5 fxe5 21. e4 Qxd4 22. Qxd4 Rxd4 23. Rxd4 exd4 24. f3 d3 25. Kf2 c4 26. Ke3 Rd8 27. Rd1 b5 28. Kd2 a5 29. h3 Kf7 30. g4 b4 31. a4 c3+ 32. Kc1 b3 33. Rf1 d2+ 34. Kd1 c2+ 35. Ke2 d1Q+ 36. Rxd1 cxd1Q+ 37. Kf2 Rd2+ 38. Ke3 g5 39. f4 Qe2# 0-1